header

Body and emotion (Record no. 43881)

MARC details
000 -LEADER
fixed length control field 01558nam a2200385 a 4500
082 04 - DEWEY DECIMAL CLASSIFICATION NUMBER
Classification number 299/.54
100 1# - MAIN ENTRY--AUTHOR NAME
Personal name Desjarlais, Robert R.
245 10 - TITLE STATEMENT
Title Body and emotion
260 ## - PUBLICATION, DISTRIBUTION, ETC. (IMPRINT)
Place of publication Philadelphia :
Name of publisher University of Pennsylvania Press,
Year of publication c1992.
300 ## - PHYSICAL DESCRIPTION
Number of Pages xii, 300 p. :
Other physical details ill., maps.
505 0# - FORMATTED CONTENTS NOTE
Formatted contents note pt. 1. Loss -- pt. Healing.
650 #0 - SUBJECT ADDED ENTRY--TOPICAL TERM
Topical Term Shamanism
Topical Term Sherpa (Nepalese people)
856 40 - ELECTRONIC LOCATION AND ACCESS
Uniform Resource Identifier http://site.ebrary.com/lib/rucke/Doc?id=10642658

No items available.

© 2026 Rongo University
Contact us: librarian | system librarian | Rongo university